| 000 | 00704nam a22002177a 4500 | ||
|---|---|---|---|
| 999 |
_c10623 _d10623 |
||
| 003 | AR-CdUCM | ||
| 008 | 190401b ||||| |||| 00| 0 spa d | ||
| 040 |
_aMUNICIPALIDAD PROVINCIAL DEL CUSCO _cBIBLIOTECA MUNICIPAL DEL CUSCO |
||
| 082 |
_aES / 800 / _bC31 |
||
| 100 |
_aCarroll, Lewis _924930 |
||
| 245 | _aAlicia en el País del Espejo / | ||
| 260 |
_aBuenos Aires : _bAcme Agency S. A. C. I. ; _c1957. |
||
| 300 |
_a218 páginas ; _bIlustraciones _c20cm |
||
| 440 |
_aColección Robin Hood _927354 |
||
| 505 | _aContenido: Novela | ||
| 650 |
_aNovela _9572 |
||
| 650 |
_aLiteratura juvenil _91580 |
||
| 700 |
_aLlobet, Juan José (traducción) _927587 |
||
| 942 |
_2ddc _cLIBROS |
||
| 945 | _anom | ||